[Event "Khanty-Mansiysk FIDE GP"]
[Site "Khanty-Mansiysk"]
[Date "2015.05.26"]
[Round "11"]
[White "Karjakin, Sergey"]
[Black "Gelfand, Boris"]
[Result "1/2-1/2"]
[WhiteElo "2753"]
[BlackElo "2744"]
[PlyCount "65"]
[EventDate "2015.05.14"]
[EventType "tourn"]
[EventRounds "11"]
[EventCountry "RUS"]
[EventCategory "21"]
[SourceTitle "CBM 167"]
[Source "ChessBase"]
[SourceDate "2015.07.13"]
[SourceVersion "1"]
[SourceVersionDate "2015.07.13"]
[SourceQuality "1"]
[TimeControl "40/7200:20/3600:900+30"]

1. e4 {[%emt 0:00:02]} c5 {[%emt 0:00:02]} 2. Nf3 {[%emt 0:00:06]} d6 {[%emt 0:
00:02]} 3. d4 {[%emt 0:00:06]} cxd4 {[%emt 0:00:02]} 4. Nxd4 {[%emt 0:00:06]}
Nf6 {[%emt 0:00:02]} 5. Nc3 {[%emt 0:00:11]} a6 {[%emt 0:00:05]} 6. Bg5 {
[%emt 0:00:07]} Nbd7 {[%emt 0:00:06]} 7. a4 {[%emt 0:00:08]} e6 {[%emt 0:00:27]
} 8. a5 {[%emt 0:00:28]} Be7 {[%emt 0:03:22]} 9. Be2 {[%emt 0:00:15]} O-O {
[%emt 0:00:30]} 10. O-O {[%emt 0:00:06]} Qc7 {[%emt 0:00:11]} (10... Nc5 11.
Bf3 Qc7 12. Re1 Rb8 13. Qd2 Rd8 14. Be3 b5 15. axb6 Rxb6 16. b3 Rb8 17. Nde2
Bb7 18. Ng3 Rbc8 19. Bd4 Ncd7 20. Rac1 Ne5 21. Na4 Nxf3+ 22. gxf3 Nd7 23. Qe3
Rf8 24. Nb6 Nxb6 25. Bxb6 Qd7 26. Bd4 Bh4 27. Red1 f5 28. Be5 Qf7 29. Bxd6 f4
30. Qa7 fxg3 31. hxg3 Qxf3 32. Bxf8 Qxe4 33. f3 Qxf3 {0-1 (33) Motylev,A (2648)
-Artemiev,V (2671) St Petersburg 2015}) 11. Qd3 $146 {[%emt 0:01:12]} ({
Prédécesseur (7):} 11. Nb3 Ne5 12. Be3 Bd7 13. Bb6 Qc8 14. Nd2 Bc6 15. Bd4 Qc7
16. Be3 Rac8 17. f4 Ng6 18. Bd3 Qb8 19. g4 h6 20. h4 Nxh4 21. g5 Nh7 22. Qh5
hxg5 23. fxg5 Ng6 24. Rf3 Rfd8 25. Raf1 Nhf8 26. Rh3 e5 27. Bc4 d5 28. exd5 Bb5
29. Nxb5 Rxc4 30. Nxc4 axb5 31. Qf3 f6 32. d6 Rxd6 33. Nxd6 Qxd6 34. gxf6 Bxf6
35. Rd1 Qe7 36. Qd5+ Ne6 37. Qd7 Ngf4 38. Bxf4 Nxf4 39. Qc8+ {1-0 (39)
Naroditsky,D (2633)-Gao,R (2533) Reykjavik 2015}) 11... h6 {[%emt 0:23:57]} 12.
Bd2 {[%emt 0:03:11]} Nc5 {[%emt 0:03:35]} 13. Qe3 {[%emt 0:28:47]} d5 {[%emt 0:
26:35] A strange line of the Najdorf... it is not common that in this Sicilian
black ends up with an isolated queen's pawn! Gelfand's compensation for this
structural weakness came in the way of good piece play and swift development.
Karjakin had trouble coordinating his pieces, and it was never natural for him
to develop. The game was agreed drawn with a dynamic balance on the board.} 14.
exd5 {[%emt 0:02:11]} exd5 {[%emt 0:03:56]} 15. Bf3 {[%emt 0:08:43]} Rd8 {
[%emt 0:10:31]} 16. Rfe1 {[%emt 0:11:35]} Bd6 {[%emt 0:03:17]} 17. g3 {[%emt 0:
07:51]} Ne6 {[%emt 0:13:20]} 18. Qd3 {[%emt 0:04:06]} Nc5 {[%emt 0:03:13]} 19.
Qe2 {[%emt 0:01:42]} Bh3 {[%emt 0:01:44]} 20. Be3 {[%emt 0:02:27]} Be5 {
[%emt 0:02:58]} 21. Qd1 {[%emt 0:03:42]} Nce4 {[%emt 0:03:23]} 22. Nce2 {
[%emt 0:00:35]} Bg4 {[%emt 0:02:27]} 23. c3 {[%emt 0:01:09]} Qd7 {[%emt 0:05:
11]} 24. Bg2 {[%emt 0:02:12]} Nd6 {[%emt 0:00:54]} 25. f3 {[%emt 0:01:43]} Nc4
{[%emt 0:02:08]} 26. Bc1 {[%emt 0:01:12]} Bh3 {[%emt 0:00:06]} 27. Bxh3 {
[%emt 0:03:17]} Qxh3 {[%emt 0:00:01]} 28. b3 {[%emt 0:00:15]} Nd6 {[%emt 0:00:
03]} 29. Nf4 {[%emt 0:00:05]} Bxd4+ {[%emt 0:01:17]} 30. Qxd4 {[%emt 0:00:08]}
Qc8 {[%emt 0:01:21]} 31. Qd3 {[%emt 0:01:58]} Nb5 {[%emt 0:00:16]} 32. Ne2 {
[%emt 0:00:49]} Nd7 {[%emt 0:00:34]} 33. Nd4 {[%emt 0:02:43]} 1/2-1/2

[Event "Wch Rapid"]
[Site "Berlin"]
[Date "2015.10.11"]
[Round "7"]
[White "Guseinov, Gadir"]
[Black "Karjakin, Sergey"]
[Result "1/2-1/2"]
[WhiteElo "2634"]
[BlackElo "2762"]
[Annotator "Sagar Shah"]
[PlyCount "151"]
[EventDate "2015.10.10"]
[EventType "swiss (rapid)"]
[EventRounds "15"]
[EventCountry "GER"]
[SourceTitle "CBM 168 Extra"]
[Source "ChessBase"]
[SourceDate "2015.10.29"]
[SourceVersion "1"]
[SourceVersionDate "2015.10.29"]
[SourceQuality "1"]

1. e4 c5 2. Nc3 d6 3. Nf3 Nf6 4. d4 cxd4 5. Nxd4 a6 6. Be3 e5 7. Nf3 Be7 8. Bc4
O-O 9. O-O Qc7 10. Bb3 Be6 11. Nh4 g6 12. Bh6 Re8 13. Qd2 Ng4 14. Nf3 Nxh6 15.
Qxh6 Nd7 16. Nd5 Bxd5 17. Bxd5 Bf6 18. c3 Nb6 19. Rfd1 Rad8 20. Ng5 Bxg5 21.
Qxg5 Nxd5 22. Rxd5 Rc8 23. Qe3 Re6 24. h3 Kg7 25. Rad1 Qc4 26. a3 Rc6 27. R1d2
h5 28. Kh2 Qb3 29. Qd3 Rf6 30. Qe3 Qb6 31. Qxb6 Rxb6 32. c4 Rc6 33. b3 h4 34.
f3 Kh6 35. a4 Kg5 36. a5 Kf4 37. Ra2 Re6 38. Ra4 Re7 39. Rb4 Rec7 40. Rd3 f6
41. Ra4 b6 42. axb6 Rxb6 43. Ra5 f5 44. Rad5 fxe4 45. fxe4 Rcc6 46. Rf3+ Kxe4
47. Rd1 Rb7 48. Kg1 Rcb6 49. Rdd3 a5 50. Kf2 Ra6 51. Ke2 a4 52. Rde3+ Kd4 53.
Rd3+ Kc5 54. Rd5+ Kb4 55. bxa4 Kxc4 56. Rfd3 Rb2+ 57. Ke3 Rxa4 58. Rxd6 Raa2
59. Rc6+ Kb5 60. Rdd6 Rb3+ 61. Ke4 Re2+ 62. Kd5 Rd3+ 63. Ke6 Rxd6+ 64. Rxd6 Kc4
65. Rd5 e4 66. Ke5 e3 67. Ke4 Rxg2 68. Rd4+ {Black has to decide where to go
with his king - to c5 or to c3.} Kc5 $2 {This costs the half point.} (68... Kc3
$1 69. Rd3+ {Karjakin might have not liked that White can take the pawn on e3
with the rook and defend his h3 pawn. But he is simply winning after} Kc2 $1
70. Rxe3 Kd2 $1 {The king will slowly inch towards h2 and there is absolutely
nothing that White can do without it.} 71. Ra3 Ke2 72. Kf4 Kf2 73. Ra2+ Kg1 74.
Rxg2+ Kxg2 75. Kg4 g5 $1 76. Kxg5 Kxh3 77. Kf4 Kg2 $19) 69. Kxe3 {Now it is
just a draw.} g5 (69... Rg3+ 70. Ke4 Rxh3 71. Rd5+ Kc4 72. Rg5 $11) 70. Rd8 {
And now it's just a draw.} Rg3+ 71. Ke4 Kc4 72. Kf5 Kc3 73. Rd7 Rxh3 74. Kxg5
Rh1 75. Kg4 h3 76. Kg3 1/2-1/2

[Event "Wch Blitz 9th"]
[Site "Berlin"]
[Date "2015.10.13"]
[Round "8"]
[White "Karjakin, Sergey"]
[Black "Kravtsiv, Martyn"]
[Result "1-0"]
[WhiteElo "2762"]
[BlackElo "2621"]
[Annotator "Schulz,Andre"]
[PlyCount "76"]
[EventDate "2015.10.13"]
[EventType "swiss (blitz)"]
[EventRounds "21"]
[EventCountry "GER"]
[SourceTitle "CBM 168 Extra"]
[Source "ChessBase"]
[SourceDate "2015.10.29"]
[SourceVersion "1"]
[SourceVersionDate "2015.10.29"]
[SourceQuality "1"]

1. e4 e5 2. Nf3 Nc6 3. Bb5 a6 4. Ba4 Nf6 5. O-O b5 6. Bb3 Bb7 7. Re1 Be7 8. d3
d6 9. a3 O-O 10. Nbd2 Qd7 11. Nf1 Nd8 12. Ng3 Ne6 13. c3 c5 14. d4 exd4 15.
cxd4 c4 16. Bc2 d5 17. e5 Ne4 18. Qe2 f5 19. Rd1 a5 20. Ne1 b4 21. axb4 axb4
22. Rxa8 Bxa8 23. f3 Nxg3 24. hxg3 Qa7 25. Be3 b3 26. Bb1 Bc6 27. f4 Bd8 28.
Nf3 Bb6 29. Qf2 Be8 30. g4 fxg4 31. Qh4 h5 {[#] Schwarz hatte bald nach der
Eröffnung das Kommando übernommen, nun kippt die Partie aber.} 32. f5 gxf3 (
32... Bd8 $1 33. Qg3 gxf3 (33... Qa1 $5 34. fxe6 $2 Qxb2 $19) 34. fxe6 f2+ 35.
Bxf2 Qa6 $17) 33. fxe6 fxg2 34. Kxg2 Bc6 $2 {[#]} (34... Ba5 $11) 35. Qxh5 ({
Oder} 35. Bh7+ Kxh7 (35... Kh8 36. Bg6 {und Matt.}) 36. Qxh5+ Kg8 37. Rh1 {
und Matt.}) 35... g6 36. Bxg6 Bd8 37. Rh1 Qg7 38. Bh6 Qe7 1-0

[Event "Gashimov Memorial 3rd"]
[Site "Shamkir"]
[Date "2016.06.03"]
[Round "8"]
[White "Safarli, Eltaj"]
[Black "Karjakin, Sergey"]
[Result "1/2-1/2"]
[WhiteElo "2664"]
[BlackElo "2779"]
[Annotator "Besenthal,K"]
[PlyCount "43"]
[EventDate "2016.05.26"]
[EventType "tourn"]
[EventRounds "9"]
[EventCountry "AZE"]
[EventCategory "20"]
[SourceTitle "CBM 173"]
[Source "ChessBase"]
[SourceDate "2016.07.12"]
[SourceVersion "1"]
[SourceVersionDate "2016.07.12"]
[SourceQuality "1"]

1. c4 c6 2. e4 d5 3. exd5 cxd5 4. d4 Nf6 5. Nc3 Nc6 6. Bg5 Be6 7. Be2 Qa5 8.
Bf3 dxc4 {Diagramm [#] Das sieht kampfeslustig aus, zumal die sechs zu dieser
Stellung vorhandenen Referenzpartien überwiegend an Weiß gingen.} (8... Rd8 {
wurde alternativ gespielt:} 9. Bxf6 exf6 10. cxd5 Bxd5 11. Bxd5 Rxd5 12. Nge2
Be7 13. O-O Rd7 14. Qb3 O-O 15. Rfd1 Rfd8 16. a3 Bf8 17. d5 Ne5 18. h3 f5 19.
Rac1 Qa6 20. Nb5 Qb6 21. Nec3 a6 22. Nd4 Qxb3 23. Nxb3 Nc4 24. Rc2 g6 25. Na4
b5 26. Nac5 Rxd5 27. Rxd5 Rxd5 28. Nxa6 Rd1+ 29. Kh2 Bg7 30. g3 Be5 31. Kg2
Nxb2 32. Rc5 Nd3 33. Rxb5 f4 34. Kf3 fxg3 35. fxg3 Rg1 36. g4 Rg3+ 37. Ke4 Bf6
38. a4 Rxh3 39. a5 Nf2+ 40. Kd5 Nxg4 41. Nac5 Rh5+ 42. Kc6 Ne5+ 43. Kc7 Bd8+
44. Kxd8 Nc6+ 45. Kd7 Nxa5 46. Rxa5 Kg7 47. Kd6 Rf5 48. Nd4 Rf1 49. Ke5 Re1+
50. Kf4 Re7 51. Nf3 h5 52. Ne4 Rb7 53. Nd6 Rd7 54. Ne4 Re7 55. Ra4 {1-0 (55)
Givon,A (2447)-Rozentalis,E (2577) Jerusalem 2015}) 9. d5 O-O-O 10. Bd2 Nxd5 ({
Oder} 10... Bxd5 11. Nxd5 Rxd5 12. Bxa5 Rxd1+ 13. Kxd1 Nxa5 14. b4 $14) 11.
Nxd5 Rxd5 12. Bxd5 (12. Bxa5 {war wohl etwas besser, weil Weiß hier
eigentlich kein Interesse daran haben sollte, dass die Damen auf dem Brett
bleiben.} Rxd1+ 13. Rxd1 Nxa5 $11) 12... Qxd5 13. Nf3 Bf5 14. O-O e6 (14... e5
$1 {Falls jetzt mit schwarzem Vorteil: Läuferpaar, Raumvorteil, dynamischer
Zentrumsbauer.} 15. b3 {so} Bd3 16. bxc4 Qd7 17. Re1 e4 18. Ng5 f5 $17) 15. b3
Bd3 16. bxc4 Qf5 17. Re1 Bc5 18. Be3 Bb4 19. Bd2 Bc5 20. Be3 Bb4 21. Bd2 Bc5
22. Be3 {"0,00" sagt der Computer hier - mit einer gewissen Berechtigung.
Dennoch ungewöhnlich: Das Brett ist voll und das "Ungleichgewicht" erstreckt
sich sogar aufs zählbare Material - die Zuschauer hätten sich wohl eine
Fortsetzung erhofft. Aber alles in allem darf Weiß mit diesem Ausgang wohl
ganz zufrieden sein.} 1/2-1/2

[Event "Eurasia Blitz Chess Cup"]
[Site "Almaty"]
[Date "2016.06.18"]
[Round "10"]
[White "Arutinian, David"]
[Black "Karjakin, Sergey"]
[Result "0-1"]
[WhiteElo "2527"]
[BlackElo "2774"]
[PlyCount "82"]
[EventDate "2016.06.18"]
[EventType "swiss (blitz)"]
[EventRounds "22"]
[EventCountry "KAZ"]
[SourceTitle "CBM 173 Extra"]
[Source "ChessBase"]
[SourceDate "2016.08.29"]
[SourceVersion "1"]
[SourceVersionDate "2016.08.29"]
[SourceQuality "1"]

1. Nf3 c5 2. c4 Nc6 3. e3 Nf6 4. Nc3 e5 5. d4 e4 6. Ng5 cxd4 7. exd4 Bb4 8. d5
Bxc3+ 9. bxc3 Na5 10. Be2 O-O 11. O-O h6 12. Nh3 d6 13. Nf4 b6 14. Be3 Ba6 15.
Bd4 Re8 16. Re1 Bxc4 17. Bxc4 Nxc4 18. f3 exf3 19. Qxf3 Ne5 20. Qg3 Qd7 21. h3
Qf5 22. Rf1 Qg5 23. Qf2 Ne4 24. Qc2 Ng3 25. Rf2 Nf5 26. Raf1 Nxd4 27. cxd4 Nd7
28. Qa4 Nf6 29. Rf3 Re7 30. Qb3 Rae8 31. Rg3 Qh4 32. Qa3 Re1 33. Rgf3 Rxf1+ 34.
Rxf1 Nxd5 35. Qxd6 Ne3 36. Rf3 Nf5 37. Qc6 Qe1+ 38. Kh2 Nxd4 39. Qc3 Nxf3+ 40.
Qxf3 Qe5 41. h4 g5 0-1

[Event "Eurasia Blitz Chess Cup"]
[Site "Almaty"]
[Date "2016.06.19"]
[Round "19"]
[White "Jobava, Baadur"]
[Black "Karjakin, Sergey"]
[Result "1-0"]
[WhiteElo "2669"]
[BlackElo "2774"]
[PlyCount "55"]
[EventDate "2016.06.18"]
[EventType "swiss (blitz)"]
[EventRounds "22"]
[EventCountry "KAZ"]
[SourceTitle "CBM 173 Extra"]
[Source "ChessBase"]
[SourceDate "2016.08.29"]
[SourceVersion "1"]
[SourceVersionDate "2016.08.29"]
[SourceQuality "1"]

1. d4 Nf6 2. c4 e6 3. Nc3 Bb4 4. e3 O-O 5. Bd3 d5 6. cxd5 exd5 7. Nge2 Re8 8.
Bd2 b6 9. Rc1 Bf8 10. O-O c5 11. Bb5 Bd7 12. Bd3 Nc6 13. f3 g6 14. Kh1 Rb8 15.
Bb1 Rc8 16. Be1 Bh6 17. Bh4 Be6 18. dxc5 Bxe3 19. cxb6 axb6 20. f4 Bg4 21. Bxf6
Qxf6 22. Nxd5 Qh4 23. g3 Qd8 24. Nxe3 Qxd1 25. Nxd1 Bxe2 26. Rf2 Nd4 27. Rxc8
Rxc8 28. Nc3 1-0

[Event "Tata Steel-A 79th"]
[Site "Wijk aan Zee"]
[Date "2017.01.15"]
[Round "2"]
[White "Rapport, Richard"]
[Black "Karjakin, Sergey"]
[Result "1/2-1/2"]
[WhiteElo "2702"]
[BlackElo "2785"]
[PlyCount "60"]
[EventDate "2017.01.14"]
[EventType "tourn"]
[EventRounds "13"]
[EventCountry "NED"]
[EventCategory "21"]
[SourceTitle "CBM 177"]
[Source "ChessBase"]
[SourceDate "2017.03.16"]
[SourceVersion "1"]
[SourceVersionDate "2017.03.16"]
[SourceQuality "1"]
[TimeControl "40/6000+30:20/3000+30:900+30"]

1. b3 {[%emt 0:00:00]} e5 {[%emt 0:00:24]} 2. Bb2 {[%emt 0:00:00]} Nc6 {
[%emt 0:00:10]} 3. e3 {[%emt 0:00:06]} Nf6 {[%emt 0:00:24]} 4. Bb5 {[%emt 0:00:
11]} Bd6 {[%emt 0:00:08]} 5. Na3 {[%emt 0:00:07]} e4 {[%emt 0:00:57]} 6. Nc4 {
[%emt 0:00:31]} Be7 {[%emt 0:00:06]} 7. Bxc6 {[%emt 0:00:06]} bxc6 {[%emt 0:00:
27]} 8. Ne2 {[%emt 0:00:28]} O-O {[%emt 0:00:06]} 9. O-O {[%emt 0:00:22]} a5 {
[%emt 0:00:21]} 10. d3 $146 {[%emt 0:00:54]} (10. Ng3 d5 11. Ne5 Qe8 12. c4 Bd6
13. d4 exd3 14. Nxd3 Ne4 15. cxd5 cxd5 16. Nf4 Bxf4 17. exf4 Nxg3 18. hxg3 Qd7
19. Re1 Bb7 20. Qd4 f6 21. a4 Rfe8 22. Qc5 Qc6 23. Rxe8+ Rxe8 24. Qxc6 Bxc6 25.
Rc1 Re2 26. Bxf6 gxf6 27. Rxc6 d4 28. Rxc7 d3 29. Rd7 d2 30. Kh2 h5 31. g4 h4
32. f3 Kf8 33. f5 Ke8 34. Rd5 Rf2 35. b4 {1-0 (35) Jobava,B (2710)-Bacrot,E 
(2702) Fujairah 2012}) 10... a4 {[%emt 0:00:41]} 11. Ng3 {[%emt 0:20:56]} d5 {
[%emt 0:28:28]} 12. Ne5 {[%emt 0:08:20]} Qe8 {[%emt 0:08:10]} 13. dxe4 {
[%emt 0:03:03]} Nxe4 {[%emt 0:00:33]} 14. Nd3 {[%emt 0:09:42]} Bd6 {[%emt 0:04:
21]} 15. b4 {[%emt 0:03:19]} Nxg3 {[%emt 0:04:16]} 16. hxg3 {[%emt 0:00:45]} a3
{[%emt 0:00:04]} 17. Bd4 {[%emt 0:02:04]} Ba6 {[%emt 0:00:26]} 18. Re1 {
[%emt 0:16:34]} Bc4 {[%emt 0:05:21]} 19. Nc5 {[%emt 0:03:17]} f6 {[%emt 0:00:
39]} 20. f4 {[%emt 0:09:36]} Qg6 {[%emt 0:06:10]} 21. Kf2 {[%emt 0:00:17]} Rfb8
{[%emt 0:01:21]} 22. c3 {[%emt 0:01:54]} Rb5 {[%emt 0:11:56]} 23. g4 {[%emt 0:
01:10]} Bxc5 {[%emt 0:06:06]} 24. Bxc5 {[%emt 0:01:07]} Qe4 {[%emt 0:07:40]}
25. Bd4 {[%emt 0:05:40]} Rab8 {[%emt 0:00:14]} 26. Qf3 {[%emt 0:01:28]} h6 {
[%emt 0:03:48]} 27. Kg3 {[%emt 0:02:31]} Re8 {[%emt 0:00:36]} 28. Rad1 {
[%emt 0:03:19]} Qc2 {[%emt 0:01:20]} 29. Qf2 {[%emt 0:02:29]} Qxf2+ {[%emt 0:
02:59]} 30. Kxf2 {[%emt 0:00:43]} Rbb8 {[%emt 0:00:10]} 1/2-1/2

[Event "Tata Steel-A 79th"]
[Site "Wijk aan Zee"]
[Date "2017.01.17"]
[Round "4"]
[White "Harikrishna, Pentala"]
[Black "Karjakin, Sergey"]
[Result "1/2-1/2"]
[WhiteElo "2766"]
[BlackElo "2785"]
[PlyCount "60"]
[EventDate "2017.01.14"]
[EventType "tourn"]
[EventRounds "13"]
[EventCountry "NED"]
[EventCategory "21"]
[SourceTitle "CBM 177"]
[Source "ChessBase"]
[SourceDate "2017.03.16"]
[SourceVersion "1"]
[SourceVersionDate "2017.03.16"]
[SourceQuality "1"]
[TimeControl "40/6000+30:20/3000+30:900+30"]

1. e4 {[%emt 0:00:00]} e5 {[%emt 0:00:38]} 2. Nf3 {[%emt 0:00:00]} Nc6 {
[%emt 0:00:05]} 3. Bc4 {[%emt 0:00:00]} Bc5 {[%emt 0:00:08]} 4. O-O {[%emt 0:
00:08]} Nf6 {[%emt 0:00:03]} 5. d3 {[%emt 0:00:10]} O-O {[%emt 0:00:07]} 6. h3
{[%emt 0:00:06]} d6 {[%emt 0:00:20]} 7. c3 {[%emt 0:00:08]} a6 {[%emt 0:00:09]}
8. Re1 {[%emt 0:00:19]} Ba7 {[%emt 0:00:16]} 9. Bb3 {[%emt 0:00:07]} Re8 {
[%emt 0:00:43]} 10. Nbd2 {[%emt 0:04:22]} Be6 {[%emt 0:00:22]} 11. Nf1 {
[%emt 0:00:42]} h6 {[%emt 0:00:41]} 12. Be3 {[%emt 0:06:05]} Bxe3 {[%emt 0:00:
26]} 13. Nxe3 {[%emt 0:00:08]} Qd7 {[%emt 0:00:20]} 14. Nh2 {[%emt 0:12:51]}
Bxb3 $146 {[%emt 0:08:17]} (14... d5 15. Nhg4 Nxg4 16. exd5 Nxe3 17. dxe6 Nxd1
18. exd7 Re7 19. Bxd1 Rxd7 20. Bf3 f6 21. d4 exd4 22. cxd4 Rxd4 23. Rac1 Rd6
24. Re3 Rad8 25. Rb3 Nd4 26. Rxb7 Nxf3+ 27. gxf3 Rd1+ 28. Rxd1 Rxd1+ 29. Kg2
Rd2 30. b4 Rxa2 {1/2-1/2 (30) Spasov,V (2539)-Feller,S (2622) Bol 2015}) 15.
axb3 {[%emt 0:02:48]} Ne7 {[%emt 0:03:55]} 16. b4 {[%emt 0:05:04]} d5 {[%emt 0:
01:14]} 17. Nhg4 {[%emt 0:12:12]} Nxg4 {[%emt 0:00:12]} 18. Qxg4 {[%emt 0:06:
03]} Rad8 {[%emt 0:12:30]} 19. exd5 {[%emt 0:14:00]} Qxg4 {[%emt 0:00:18]} 20.
hxg4 {[%emt 0:04:50]} Nxd5 {[%emt 0:00:14]} 21. Nxd5 {[%emt 0:01:49]} Rxd5 {
[%emt 0:00:07]} 22. d4 {[%emt 0:00:15]} Kf8 {[%emt 0:00:20]} 23. dxe5 {[%emt 0:
01:52]} Rexe5 {[%emt 0:00:28]} 24. Rxe5 {[%emt 0:00:45]} Rxe5 {[%emt 0:00:06]}
25. Kf1 {[%emt 0:00:59]} Ke7 {[%emt 0:00:11]} 26. Rd1 {[%emt 0:00:06]} h5 {
[%emt 0:00:45]} 27. gxh5 {[%emt 0:00:08]} Rxh5 {[%emt 0:00:03]} 28. Ke2 {
[%emt 0:00:09]} Re5+ {[%emt 0:00:06]} 29. Kf1 {[%emt 0:00:30]} Rh5 {[%emt 0:00:
17]} 30. Ke2 {[%emt 0:00:04]} Re5+ {[%emt 0:00:04]} 1/2-1/2

[Event "Tata Steel-A 79th"]
[Site "Wijk aan Zee"]
[Date "2017.01.20"]
[Round "6"]
[White "Eljanov, Pavel"]
[Black "Karjakin, Sergey"]
[Result "1/2-1/2"]
[WhiteElo "2755"]
[BlackElo "2785"]
[PlyCount "70"]
[EventDate "2017.01.14"]
[EventType "tourn"]
[EventRounds "13"]
[EventCountry "NED"]
[EventCategory "21"]
[SourceTitle "CBM 177"]
[Source "ChessBase"]
[SourceDate "2017.03.16"]
[SourceVersion "1"]
[SourceVersionDate "2017.03.16"]
[SourceQuality "1"]
[TimeControl "40/6000+30:20/3000+30:900+30"]

1. e4 {[%emt 0:00:00]} e5 {[%emt 0:00:59]} 2. Nf3 {[%emt 0:00:00]} Nc6 {
[%emt 0:00:04]} 3. Bb5 {[%emt 0:00:33]} Nf6 {[%emt 0:00:31]} 4. d3 {[%emt 0:00:
11]} Bc5 {[%emt 0:00:09]} 5. Bxc6 {[%emt 0:00:10]} dxc6 {[%emt 0:00:07]} 6. Qe2
{[%emt 0:00:44]} Nd7 {[%emt 0:00:18]} 7. Nc3 $146 {[%emt 0:01:27]} (7. Be3 Bd6
8. d4 O-O 9. Nbd2 Re8 10. O-O-O Qe7 11. Kb1 exd4 12. Nxd4 Nf6 13. f3 c5 14.
N4b3 b6 15. Qf2 a5 16. Nc4 Ba6 {1/2-1/2 (16) Alekseev,E (2632)-Jakovenko,D 
(2704) Khanty-Mansiysk 2016}) 7... O-O {[%emt 0:01:43]} 8. Nd1 {[%emt 0:11:31]}
Re8 {[%emt 0:07:31]} 9. Ne3 {[%emt 0:01:18]} Nf8 {[%emt 0:01:31]} 10. g3 {
[%emt 0:14:38]} Ne6 {[%emt 0:05:05]} 11. Nf5 {[%emt 0:03:12]} Bf8 {[%emt 0:08:
44]} 12. h4 {[%emt 0:04:41]} c5 {[%emt 0:04:15]} 13. h5 {[%emt 0:09:19]} Qf6 {
[%emt 0:16:39]} 14. c4 {[%emt 0:16:34]} b5 {[%emt 0:08:52]} 15. Ne3 {[%emt 0:
08:07]} a6 {[%emt 0:16:29]} 16. Bd2 {[%emt 0:03:32]} Bb7 {[%emt 0:00:24]} 17.
Nd5 {[%emt 0:05:50]} Qd8 {[%emt 0:00:29]} 18. b3 {[%emt 0:04:02]} Rc8 {[%emt 0:
16:12]} 19. Kf1 {[%emt 0:02:01]} h6 {[%emt 0:02:49]} 20. a4 {[%emt 0:05:20]} c6
{[%emt 0:08:12]} 21. Ne3 {[%emt 0:00:15]} Nd4 {[%emt 0:00:06]} 22. Nxd4 {
[%emt 0:00:13]} cxd4 {[%emt 0:00:53]} 23. Nf5 {[%emt 0:00:17]} c5 {[%emt 0:00:
12]} 24. axb5 {[%emt 0:03:02]} axb5 {[%emt 0:00:06]} 25. Kg2 {[%emt 0:03:21]}
Qd7 {[%emt 0:01:16]} 26. Qg4 {[%emt 0:04:30]} Kh7 {[%emt 0:00:07]} 27. Ra5 {
[%emt 0:03:48]} Bc6 {[%emt 0:01:34]} 28. Rha1 {[%emt 0:01:13]} Rb8 {[%emt 0:01:
27]} 29. Ra7 {[%emt 0:01:14]} Rb7 {[%emt 0:00:01]} 30. R7a6 {[%emt 0:02:44]}
bxc4 {[%emt 0:01:16]} 31. bxc4 {[%emt 0:00:04]} Reb8 {[%emt 0:00:45]} 32. R1a2
{[%emt 0:01:13]} Rb6 {[%emt 0:02:26]} 33. Ra7 {[%emt 0:00:19]} R6b7 {[%emt 0:
00:13]} 34. R7a6 {[%emt 0:00:38]} Rb6 {[%emt 0:00:20]} 35. Ra7 {[%emt 0:00:38]}
R6b7 {[%emt 0:00:06]} 1/2-1/2

[Event "Tata Steel-A 79th"]
[Site "Wijk aan Zee"]
[Date "2017.01.24"]
[Round "9"]
[White "Wojtaszek, Radoslaw"]
[Black "Karjakin, Sergey"]
[Result "1/2-1/2"]
[WhiteElo "2750"]
[BlackElo "2785"]
[PlyCount "65"]
[EventDate "2017.01.14"]
[EventType "tourn"]
[EventRounds "13"]
[EventCountry "NED"]
[EventCategory "21"]
[SourceTitle "CBM 177"]
[Source "ChessBase"]
[SourceDate "2017.03.16"]
[SourceVersion "1"]
[SourceVersionDate "2017.03.16"]
[SourceQuality "1"]
[TimeControl "40/6000+30:20/3000+30:900+30"]

1. d4 {[%emt 0:00:00]} Nf6 {[%emt 0:00:06]} 2. c4 {[%emt 0:00:00]} e6 {[%emt 0:
00:04]} 3. Nf3 {[%emt 0:00:00]} b6 {[%emt 0:00:41]} 4. g3 {[%emt 0:00:00]} Ba6
{[%emt 0:00:05]} 5. b3 {[%emt 0:00:00]} Bb4+ {[%emt 0:00:07]} 6. Bd2 {[%emt 0:
00:05]} Be7 {[%emt 0:00:04]} 7. Bg2 {[%emt 0:00:15]} c6 {[%emt 0:01:14]} 8. Bc3
{[%emt 0:00:52]} d5 {[%emt 0:00:09]} 9. O-O {[%emt 0:00:55]} Nbd7 {[%emt 0:00:
58]} 10. Nbd2 {[%emt 0:00:14]} O-O {[%emt 0:06:35]} 11. Qc2 {[%emt 0:00:22]}
Bb7 {[%emt 0:12:46]} (11... c5 12. e4 dxc4 13. Nxc4 b5 14. Ba5 Qe8 15. Ne3 Bb7
16. d5 exd5 17. exd5 Bd8 18. Bc3 Bc7 19. Rfe1 Qb8 20. Rad1 Re8 21. Nf5 Rxe1+
22. Rxe1 Bd6 23. N3h4 Bf8 24. Ne7+ Bxe7 25. Rxe7 g6 26. Qd2 Qf8 27. d6 Bxg2 28.
Nxg2 Re8 29. Qe2 Rxe7 30. dxe7 Qb8 31. Nf4 Ne8 32. Nd5 b4 33. Ba1 Qd6 34. Qe4
f6 35. Qc4 Kg7 36. g4 Nb6 37. Nxb6 axb6 38. Qe2 Kf7 39. h3 Qxe7 40. Qc4+ Qe6
41. Qc1 {Goloshchapov,A (2586)-Karjakin,S (2771) Dubai 2014 0-1}) 12. Rfd1 {
[%emt 0:11:25]} c5 {[%emt 0:06:57]} 13. dxc5 {[%emt 0:06:36]} bxc5 {[%emt 0:01:
22]} 14. Ne5 {[%emt 0:04:30]} Nxe5 {[%emt 0:13:58]} 15. Bxe5 {[%emt 0:00:07]}
Qb6 {[%emt 0:00:03]} 16. cxd5 {[%emt 0:20:00]} exd5 {[%emt 0:00:07]} 17. Rac1 {
[%emt 0:01:11]} Rac8 {[%emt 0:05:22]} 18. e3 {[%emt 0:04:31]} Rfd8 {[%emt 0:02:
05]} 19. Qf5 {[%emt 0:06:31]} g6 {[%emt 0:02:34]} 20. Qf4 {[%emt 0:09:00]} Nh5
{[%emt 0:00:35]} 21. Qg4 {[%emt 0:02:41]} Nf6 {[%emt 0:04:30]} 22. Qf4 {
[%emt 0:01:35]} Nh5 {[%emt 0:00:46]} 23. Qf3 {[%emt 0:03:22]} Qe6 {[%emt 0:01:
44]} 24. Bb2 {[%emt 0:00:15]} Rd7 {[%emt 0:17:52]} 25. Qe2 {[%emt 0:01:42]} Bf6
{[%emt 0:00:29]} 26. Bxf6 {[%emt 0:07:57]} Nxf6 {[%emt 0:00:12]} 27. Qb5 {
[%emt 0:01:26]} Rdc7 {[%emt 0:01:09]} 28. Qa4 {[%emt 0:05:15]} Kg7 {[%emt 0:01:
41]} 29. Qf4 {[%emt 0:04:36]} h6 {[%emt 0:01:53]} 30. h4 {[%emt 0:00:06]} Nh5 {
[%emt 0:06:17]} 31. Qa4 {[%emt 0:00:38]} Nf6 {[%emt 0:00:09]} 32. Qf4 {[%emt 0:
00:14]} Nh5 {[%emt 0:00:06]} 33. Qa4 {[%emt 0:00:04]} 1/2-1/2